Megan Fox Movies - Statistics

General Stats
  • This quiz has been taken 25 times
    17 since last reset
  • The average score is 2 of 7
Answer Stats
Release Year Costars Movie % Correct
2007 Shia LaBeouf, Hugo Weaving Transformers
88%
2009 Amanda Seyfried, Chris Pratt Jennifer's Body
71%
2014 Will Arnett, Whoopi Goldberg Teenage Mutant Ninja Turtles
35%
2012 Paul Rudd, Leslie Mann This Is 40
18%
2010 Michael Fassbender, John Malkovich Jonah Hex
6%
2023 Jason Statham, 50 Cent The Expend4bles
6%
2011 Bruce Willis, Emile Hirsch Midnight in the Switchgrass
0%
No matching quizzes found
Score Distribution
Percent of People with Each Score
Percentile by Number Answered
Your Score History
You have not taken this quiz since the last reset